Writing in the technical fields : (Record no. 613642)

000 -LEADER
fixed length control field 01434cam a2200325 a 4500
001 - CONTROL NUMBER
control field 2997120
003 - CONTROL NUMBER IDENTIFIER
control field NUST
005 - DATE AND TIME OF LATEST TRANSACTION
control field 20250422104224.0
008 - FIXED-LENGTH DATA ELEMENTS--GENERAL INFORMATION
fixed length control field 930630s1994 njua b 001 0 eng
010 ## - LIBRARY OF CONGRESS CONTROL NUMBER
LC control number 93026817
020 ## - INTERNATIONAL STANDARD BOOK NUMBER
International Standard Book Number 0780310365 (pbk.) :
Terms of availability $32.95
020 ## - INTERNATIONAL STANDARD BOOK NUMBER
International Standard Book Number 0780310594 (case)
040 ## - CATALOGING SOURCE
Original cataloging agency DLC
Transcribing agency DLC
Modifying agency DLC
050 00 - LIBRARY OF CONGRESS CALL NUMBER
Classification number T11
Item number .M3465 1994
082 00 - DEWEY DECIMAL CLASSIFICATION NUMBER
Classification number 808.0666
Edition number 20
Author Mark MAR
100 1# - MAIN ENTRY--PERSONAL NAME
Personal name Markel, Michael H.
9 (RLIN) 128787
245 10 - TITLE STATEMENT
Title Writing in the technical fields :
Remainder of title a step-by-step guide for engineers, scientists, and technicians /
Statement of responsibility, etc. Mike Markel.
260 ## - PUBLICATION, DISTRIBUTION, ETC.
Place of publication, distribution, etc. Piscataway, NJ :
Name of publisher, distributor, etc. IEEE Press ;
Place of publication, distribution, etc. New York :
Name of publisher, distributor, etc. Institute of Electrical and Electronics Engineers, Inc.,
Date of publication, distribution, etc. c1994.
300 ## - PHYSICAL DESCRIPTION
Extent xvii, 276 p. :
Other physical details ill. ;
Dimensions 23 cm.
500 ## - GENERAL NOTE
General note "Sponsored by the IEEE Professional Communication Society."
504 ## - BIBLIOGRAPHY, ETC. NOTE
Bibliography, etc. note Includes bibliographical references (p. 265-270) and index.
590 ## - LOCAL NOTE (RLIN)
Linkage (RLIN) .
650 #0 - SUBJECT ADDED ENTRY--TOPICAL TERM
Topical term or geographic name entry element Technical writing.
710 2# - ADDED ENTRY--CORPORATE NAME
Corporate name or jurisdiction name as entry element IEEE Professional Communication Society.
9 (RLIN) 128788
856 42 - ELECTRONIC LOCATION AND ACCESS
Materials specified Publisher description
Uniform Resource Identifier <a href="http://www.loc.gov/catdir/description/wiley0310/93026817.html">http://www.loc.gov/catdir/description/wiley0310/93026817.html</a>
856 4# - ELECTRONIC LOCATION AND ACCESS
Materials specified Table of Contents
Uniform Resource Identifier <a href="http://www.loc.gov/catdir/toc/onix07/93026817.html">http://www.loc.gov/catdir/toc/onix07/93026817.html</a>
906 ## - LOCAL DATA ELEMENT F, LDF (RLIN)
a 7
b cbc
c orignew
d 1
e ocip
f 19
g y-gencatlg
942 ## - ADDED ENTRY ELEMENTS (KOHA)
Source of classification or shelving scheme
Koha item type Book
Holdings
Withdrawn status Lost status Source of classification or shelving scheme Damaged status Not for loan Permanent Location Current Location Date acquired Total Checkouts Full call number Barcode Date last seen Price effective from Koha item type
          School of Civil and Environmental Engineering (SCEE) School of Civil and Environmental Engineering (SCEE) 04/22/2025   808.0666 MAR NIT-13778 04/22/2025 04/22/2025 Book
© 2023 Central Library, National University of Sciences and Technology. All Rights Reserved.